000 01004pam a2200265 a 4500
999 _c5656
_d5656
001 4980485
003 GBCCL
005 20241126110546.0
008 980605s1998 mou 001 0 eng
010 _a 98028472
020 _a0570053323
040 _aDLC
_cDLC
_dDLC
050 0 0 _aPS3572.O2935
_bF42 1998
082 0 0 _a812.54
_221
_bVOG
100 1 _aVogel, Larry,
_d1953-
_910208
245 1 0 _aFearless Pharaoh foofoo and other dramas for children /
_cby Larry Vogel.
260 _aSt. Louis, Mo. :
_bConcordia Pub. House,
_cc1998.
300 _a159 p. ;
_c28 cm.
500 _aIncludes index.
630 0 0 _aBible
_xHistory of Biblical events
_xJuvenile drama.
_910209
650 0 _aChildren's plays, American.
_910210
906 _a7
_bcbc
_corignew
_d1
_eocip
_f19
_gy-gencatlg
942 _2ddc
_cBK